Sports Quiz

Random Sports or Basketball Quiz

NBA Top 25 Foreign-Born Scorers Quiz Stats

 Plays Quiz Updated Mar 29, 2019

Score 0/25 Timer 06:00
7 Plays Today
Points Player % Correct
30,260*Dirk Nowitzki
95%
18,522*Tony Parker
85.7%
26,946Hakeem Olajuwon
74.6%
20,001*Pau Gasol
69.4%
13,467*Manu Ginobili
68.3%
17,387Steve Nash
45.5%
11,729Dikembe Mutombo
44.3%
13,398Vlade Divac
41.3%
13,202*Luol Deng
40.4%
24,815Patrick Ewing
39.3%
9,810Toni Kukoc
34.1%
13,647Peja Stojakovic
33.8%
11,022Hedo Turkoglu
32.1%
Points Player % Correct
15,761Detlef Schrempf
29.9%
26,668Dominique Wilkins
25.3%
12,871Rik Smits
21.6%
10,976Zydrunas Ilgauskas
15.1%
11,084Ben Gordon
15.1%
10,418*Nene Hilario
12.4%
13,976Carlos Boozer
6.1%
9,961Rony Seikaly
5.9%
15,980Kiki Vandeweghe
5.7%
12,810Mychal Thompson
5.7%
17,623Rolando Blackman
5.5%
9,904Tom Meschery
1.3%

You're not logged in!

Compare scores with friends on all Sporcle quizzes.
OR
Log In

Show Comments

Extras

Top Quizzes Today


Score Distribution

Your Account Isn't Verified!

In order to create a playlist on Sporcle, you need to verify the email address you used during registration. Go to your Sporcle Settings to finish the process.

Report this User

Report this user for behavior that violates our Community Guidelines.

Details: